Child Rights In The New Era / (Record no. 73142)
[ view plain ]
| 000 -LEADER | |
|---|---|
| fixed length control field | 00744nam a22002177a 4500 |
| 005 - DATE AND TIME OF LATEST TRANSACTION | |
| control field | 20140324153904.0 |
| 010 ## - LCCN (DPL NO) | |
| LC control number | ENG-106625 |
| 020 ## - INTERNATIONAL STANDARD BOOK NUMBER | |
| International Standard Book Number | 9788171327027 |
| Terms of availability | 900.00 |
| 035 ## - SYSTEM CONTROL NUMBER | |
| System control number | EN-90158 |
| 035 ## - SYSTEM CONTROL NUMBER | |
| System control number | B-500324-326 |
| 037 ## - SOURCE OF ACQUISITION | |
| Source of stock number/acquisition | DBAD/PUB |
| 037 ## - SOURCE OF ACQUISITION | |
| Source of stock number/acquisition | Mallika Books/Ven |
| Stock number | dpl |
| 082 ## - DEWEY DECIMAL CLASSIFICATION NUMBER | |
| Classification number | 344.540327 |
| 100 ## - MAIN ENTRY--PERSONAL NAME | |
| Personal name | Selvakumar, M. D. Allen |
| 245 ## - TITLE STATEMENT | |
| Title | Child Rights In The New Era / |
| Statement of responsibility, etc | by M. D. Allen Selvakumar |
| 260 ## - PUBLICATION, DISTRIBUTION, ETC. (IMPRINT) | |
| Place of publication, distribution, etc | Jaipur |
| Name of publisher, distributor, etc | Pointer Publishers |
| Date of publication, distribution, etc | 2012 |
| 270 ## - ADDRESS | |
| Address | 807, Vyas Building, Chaura Rasta |
| City | Jaipur |
| Postal code | 302003 |
| 300 ## - PHYSICAL DESCRIPTION | |
| Extent | xvii, 246p. |
| Dimensions | 20cm (Hb) |
| 942 ## - ADDED ENTRY ELEMENTS (KOHA) | |
| Source of classification or shelving scheme | Dewey Decimal Classification |
| Item type | English Books |
| Call number suffix | SEL |
| Classification part | 323.3520954 |
| Withdrawn status | Lost status | Not for loan | Collection code | Home library | Current library | Date acquired | Source of acquisition | Cost, normal purchase price | Full call number | Barcode | Copy number | Cost, replacement price | Koha item type |
|---|---|---|---|---|---|---|---|---|---|---|---|---|---|
| Non-fiction | Central Library | Central Library | 24/03/2014 | Mallika Books/99/15.03.2013/174/08.03.2013/18.03.2013 | 900.00 | 323.3520954 SEL | B-500324 | 1 | 900.00 | English Books | |||
| Non-fiction | D.B.Act.Division | D.B.Act.Division | 17/01/2013 | DBAD/PUB | 900.00 | 344.540327 SEL | EN-90158 | 1 | 900.00 | English Books | |||
| Non-fiction | Janak Puri | Janak Puri | 24/03/2014 | Mallika Books/99/15.03.2013/174/08.03.2013/18.03.2013 | 900.00 | 323.3520954 SEL | B-500326 | 1 | 900.00 | English Books | |||
| Non-fiction | Patel Nagar | Patel Nagar | 24/03/2014 | Mallika Books/99/15.03.2013/174/08.03.2013/18.03.2013 | 900.00 | 323.3520954 SEL | B-500325 | 1 | 900.00 | English Books |
